| 000 | 00445pab a2200157 454500 | ||
|---|---|---|---|
| 008 | 180718b2005 xxu||||| |||| 00| 0 eng d | ||
| 100 | _aSingha Roy, Debal K. | ||
| 245 | _aPeasant movements in contemporary India: emerging forms of domination and resistance | ||
| 260 | _c2005 | ||
| 300 | _ap.5505-513. | ||
| 362 | _a24 Dec | ||
| 650 | _aPeasantry - India | ||
| 650 | _aPeasantry | ||
| 773 | _aEconomic and Political Weekly | ||
| 909 | _a68341 | ||
| 999 |
_c68341 _d68341 |
||